[Event "Oberliga Ost-B 0203"]
[Site "Germany"]
[Date "2003.02.09"]
[Round "7.5"]
[White "Diaz, Joaquin"]
[Black "Zschiedrich, Heiko"]
[Result "1/2-1/2"]
[WhiteElo "2165"]
[BlackElo "2148"]
[PlyCount "126"]
[EventDate "2002.10.20"]
[EventType "team"]
[EventRounds "11"]
[EventCountry "GER"]
[SourceTitle "EXT 2004"]
[Source "ChessBase"]
[SourceDate "2003.11.25"]
[SourceVersion "1"]
[SourceVersionDate "2003.11.25"]
[SourceQuality "1"]
[WhiteTeam "Griesheim"]
[BlackTeam "Erfurt Empor"]
[WhiteTeamCountry "GER"]
[BlackTeamCountry "GER"]

1. e4 e6 2. d4 d5 3. e5 c5 4. c3 Nc6 5. Nf3 Qb6 6. a3 Nh6 7. b4 cxd4 8. cxd4 Nf5 9. Bb2 Be7 10. Bd3 0-0 11. 0-0 Bd7 12. Bxf5 exf5 13. Nc3 Be6 14. Na4 Qd8 15. Nc5 b6 16. Nd3 b5 17. Qd2 a5 18. Nc5 Qb6 19. Bc3 Ra7 20. h4 Rfa8 21. Rab1 axb4 22. Bxb4 Na5 23. Qc3 Nc4 24. Rb3 Qd8 25. Rfb1 Bxh4 26. Nxe6 fxe6 27. Bc5 Rb7 28. Nxh4 Qxh4 29. Rxb5 Rxb5 30. Rxb5 Qg4 31. Qc1 h5 32. Rb3 h4 33. Kh2 g5 34. Be7 f4 35. Bc5 Qf5 36. f3 Ne3 37. Qb1 Qf7 38. Rb7 Qf5 39. Rb8+ Rxb8 40. Qxb8+ Kg7 41. Qb7+ Qf7 42. Qxf7+ Kxf7 43. a4 Ke8 44. a5 Kd7 45. a6 Kc7 46. Be7 g4 47. fxg4 Nxg4+ 48. Kh3 Ne3 49. Bxh4 Kb6 50. a7 Kxa7 51. Bf2 Nd1 52. Bg1 Kb6 53. Bh2 Nf2+ 54. Kh4 Nd3 55. Kg4 Ne1 56. Bxf4 Nc2 57. Kh5 Kb5 58. g4 Nxd4 59. g5 Kc4 60. g6 Nf5 61. Kg5 d4 62. Kf6 Kd5 63. Bc1 Ng3 1/2-1/2

[Event "Oberliga Ost-B 0203"]
[Site "Germany"]
[Date "2002.12.15"]
[Round "4.6"]
[White "Diaz, Joaquin"]
[Black "Schlamp, Robert"]
[Result "0-1"]
[WhiteElo "2165"]
[BlackElo "2317"]
[PlyCount "74"]
[EventDate "2002.10.20"]
[EventType "team"]
[EventRounds "11"]
[EventCountry "GER"]
[SourceTitle "EXT 2004"]
[Source "ChessBase"]
[SourceDate "2003.11.25"]
[SourceVersion "1"]
[SourceVersionDate "2003.11.25"]
[SourceQuality "1"]
[WhiteTeam "Griesheim"]
[BlackTeam "Oberursel"]
[WhiteTeamCountry "GER"]
[BlackTeamCountry "GER"]

1. e4 c5 2. Nf3 d6 3. d4 cxd4 4. Nxd4 Nf6 5. Nc3 Nc6 6. Bc4 e6 7. Be3 Be7 8. Qe2 0-0 9. 0-0-0 a6 10. Bb3 Qc7 11. g4 Na5 12. g5 Nxb3+ 13. axb3 Nd7 14. Rhg1 b5 15. Qh5 g6 16. Qh6 Re8 17. Kb1 Bf8 18. Qh4 b4 19. Na2 a5 20. f3 Nc5 21. Qf2 e5 22. Ne2 Be6 23. Nec1 Qb7 24. Nd3 Nxd3 25. Rxd3 a4 26. bxa4 Rxa4 27. b3 Ra6 28. Kb2 Rea8 29. Ra1 d5 30. exd5 Bxd5 31. Bc5 Bg7 32. Bxb4 e4+ 33. Rd4 Rxa2+ 34. Rxa2 Rxa2+ 35. Kc1 Qa7 36. Bc3 Bxd4 37. Bxd4 Qa3+ 0-1